| 000 | 00956cam a2200241 a 4500 | ||
|---|---|---|---|
| 020 | _a9789812309778 (pbk.) | ||
| 020 | _a9789812309785 (hard) | ||
| 020 | _a9789812309792 (pdf) | ||
| 040 | _cDLC | ||
| 082 | _a363 INS 2010 A017 Or. | ||
| 245 | 1 | 0 |
_aMoving forward : _bSoutheast Asian perspectives on climate change and biodiversity / |
| 260 |
_aSingapore : _bInstitute of Southeast Asian Studies ; _aLaguna, Philippines : _bSoutheast Asian Regional Center for Graduate Study and Research in Agriculture, _c2010. |
||
| 300 |
_axxxviii, 259 p. : _bill., maps ; _c24 cm. |
||
| 650 | 0 | _aBiodiversity | |
| 650 | 0 | _aClimatic changes | |
| 700 | 1 | _aSajise, Percy E., | |
| 700 | 1 | _aTicsay, Mariliza V. | |
| 700 | 1 | _aSaguiguit, Gil C. | |
| 710 | 2 | _aInstitute of Southeast Asian Studies. | |
| 710 | 2 | _aSEAMEO Regional Center for Graduate Study and Research in Agriculture. | |
| 856 | 4 | 1 | _uhttp://www.loc.gov/catdir/toc/fy12pdf01/2010353196.html |
| 942 | _cEK | ||
| 999 |
_c12204 _d12204 |
||